000 00462nam a2200193Ia 4500
005 20240823043117.0
008 240823s9999||||xx |||||||||||||| ||und||
020 _a81-219-0820-5
041 _aENGLISH
082 _A519 P2
100 _aKandasamy P et al.
245 0 _aEngineering Mathematics Vol III
250 _a2nd
260 _c2002
_b"S Chand,New Delhi"
500 _aTRANSFERED
650 _aMATHS
_bMathematics
942 _cBK
999 _c209452
_d209452